Orthopaedic Clinic Examination: an evidence-based approach for physical Therapists (Record no. 4413)

MARC details
000 -LEADER
fixed length control field 00656nam a22002057a 4500
003 - CONTROL NUMBER IDENTIFIER
control field OSt
005 - DATE AND TIME OF LATEST TRANSACTION
control field 20160620145209.0
008 - FIXED-LENGTH DATA ELEMENTS--GENERAL INFORMATION
fixed length control field 160620b xxu||||| |||| 00| 0 eng d
020 ## - INTERNATIONAL STANDARD BOOK NUMBER
International Standard Book Number 1929007876
040 ## - CATALOGING SOURCE
Transcribing agency DNLM
082 ## - DEWEY DECIMAL CLASSIFICATION NUMBER
Classification number WB100 C59o 2005
100 ## - MAIN ENTRY--PERSONAL NAME
Personal name Cleland, Joshua; Netter Frank H.
9 (RLIN) 9484
245 ## - TITLE STATEMENT
Title Orthopaedic Clinic Examination: an evidence-based approach for physical Therapists
260 ## - PUBLICATION, DISTRIBUTION, ETC. (IMPRINT)
Place of publication, distribution, etc. New Jersey; Icon Learning Systems, 2005
300 ## - PHYSICAL DESCRIPTION
Extent xi,515p; col.ill: 25.5cm
504 ## - BIBLIOGRAPHY, ETC. NOTE
Bibliography, etc References, appendex, & index included
650 ## - SUBJECT ADDED ENTRY--TOPICAL TERM
Topical term or geographic name as entry element Orthopaedics MCQs
9 (RLIN) 9471
650 ## - SUBJECT ADDED ENTRY--TOPICAL TERM
Topical term or geographic name as entry element Physical Therapy examination
9 (RLIN) 9485
942 ## - ADDED ENTRY ELEMENTS (KOHA)
Source of classification or shelving scheme Other/Generic Classification Scheme
Koha item type Open Shelf
Holdings
Withdrawn status Lost status Source of classification or shelving scheme Damaged status Not for loan Home library Current library Date acquired Source of acquisition Inventory number Total Checkouts Full call number Barcode Date last seen Koha item type
    Other/Generic Classification Scheme     MUST Main Library MUST Main Library 20/06/2016   11/34846   WB100 C59o 2005 2016-2592 20/06/2016 Open Shelf